[Event "GER-chT U20 Girls "]
[Site "Chemnitz"]
[Date "2009.12.28"]
[Round "4.4"]
[White "Tunc, Helin"]
[Black "Berdin, Victoria"]
[Result "1-0"]
[WhiteElo "1534"]
[BlackElo "1032"]
[PlyCount "81"]
[EventDate "2009.12.27"]
[EventType "team-swiss"]
[EventRounds "7"]
[EventCountry "GER"]
[SourceTitle "EXT 2022"]
[Source "ChessBase"]
[SourceDate "2021.10.06"]
[SourceVersion "1"]
[SourceVersionDate "2021.10.06"]
[SourceQuality "1"]
[WhiteTeam "Porz SG U20 Girls"]
[BlackTeam "Berlin Empor U20 Girls"]
[WhiteTeamCountry "GER"]
[BlackTeamCountry "GER"]

1. d4 d5 2. c4 e6 3. Nc3 Nf6 4. Bf4 c6 5. e3 Nbd7 6. Nf3 Be7 7. Bd3 0-0 8. 0-0 h6 9. Qe2 Re8 10. Rfc1 Bb4 11. cxd5 cxd5 12. Nb5 Rf8 13. a3 Ba5 14. Bd6 Re8 15. Bc7 Qe7 16. Bxa5 Rb8 17. Bb4 Qd8 18. Bd6 Ra8 19. Nc7 Rb8 20. Nxe8 Qxe8 21. Bxb8 Nxb8 22. Qc2 Nc6 23. Bb5 a6 24. Bxc6 bxc6 25. Qxc6 Qxc6 26. Rxc6 Bd7 27. Rxa6 Be8 28. Ra8 Kf8 29. b4 Kg8 30. b5 Kf8 31. b6 Kg8 32. b7 Kf8 33. b8Q Kg8 34. Rc1 Kf8 35. Rc8 Kg8 36. Rxe8+ Kh7 37. Nh4 Ng8 38. Rxg8 g5 39. Qc7 h5 40. Qxf7+ Kh6 41. Rh8# 1-0

[Event "GER-chT U20 Girls"]
[Site "Stuttgart"]
[Date "2007.12.30"]
[Round "7.4"]
[White "Schultheiss, Vera"]
[Black "Tunc, Helin"]
[Result "1/2-1/2"]
[WhiteElo "1339"]
[BlackElo "1461"]
[PlyCount "87"]
[EventDate "2007.12.27"]
[EventType "team-swiss"]
[EventRounds "7"]
[EventCountry "GER"]
[SourceTitle "EXT 2009"]
[Source "ChessBase"]
[SourceDate "2008.11.26"]
[SourceVersion "1"]
[SourceVersionDate "2008.11.26"]
[SourceQuality "1"]
[WhiteTeam "Rossdorf SC Ladja U20 Girls"]
[BlackTeam "Porz SG U20 Girls"]
[WhiteTeamCountry "GER"]
[BlackTeamCountry "GER"]

1. e4 c6 2. d4 d5 3. exd5 cxd5 4. Nf3 Bg4 5. Bf4 Nc6 6. c3 e6 7. Nbd2 Nf6 8. Bd3 Bd6 9. Bg3 0-0 10. Qc2 Rc8 11. Bh4 h6 12. h3 Bxf3 13. Nxf3 Nb4 14. Qe2 Nxd3+ 15. Qxd3 Be7 16. Bg3 Qb6 17. Rb1 Ne4 18. Nd2 Nxd2 19. Qxd2 Rxc3 20. 0-0 Rc4 21. Rfd1 Bf6 22. Be5 Bxe5 23. dxe5 Rfc8 24. Qd3 Rc2 25. Rd2 Rxd2 26. Qxd2 Rc4 27. Kh2 Qd4 28. Qe2 Qe4 29. Re1 Qxe2 30. Rxe2 Kf8 31. Kg3 Ke7 32. b3 Rc7 33. Rd2 f6 34. exf6+ Kxf6 35. Kf3 Rd7 36. Ke3 g5 37. f3 e5 38. g3 h5 39. Rc2 Kg6 40. a4 Kf6 41. Rd2 Rd6 42. Rd3 Ke6 43. Rd2 Rc6 44. Rd3 1/2-1/2

[Event "GER-chT U20 Girls"]
[Site "Stuttgart"]
[Date "2007.12.29"]
[Round "5.4"]
[White "Tunc, Helin"]
[Black "Steinmetz, Charlotte"]
[Result "1-0"]
[WhiteElo "1461"]
[BlackElo "1188"]
[PlyCount "69"]
[EventDate "2007.12.27"]
[EventType "team-swiss"]
[EventRounds "7"]
[EventCountry "GER"]
[SourceTitle "EXT 2009"]
[Source "ChessBase"]
[SourceDate "2008.11.26"]
[SourceVersion "1"]
[SourceVersionDate "2008.11.26"]
[SourceQuality "1"]
[WhiteTeam "Porz SG U20 Girls"]
[BlackTeam "Leipzig Turm U20 Girls"]
[WhiteTeamCountry "GER"]
[BlackTeamCountry "GER"]

1. d4 Nf6 2. c4 g6 3. Nc3 Bg7 4. e4 d6 5. f4 0-0 6. Nf3 Bg4 7. Be2 Nbd7 8. Be3 Re8 9. e5 Nh5 10. Qd2 Bh8 11. Bf2 Ng7 12. h3 Bxf3 13. Bxf3 e6 14. Bxb7 Rb8 15. Bc6 Nf5 16. g4 Nh4 17. 0-0-0 Re7 18. Bxh4 f6 19. Bxd7 Qxd7 20. Ne4 Rf7 21. exf6 Qc6 22. Qc3 d5 23. Nd2 Qb6 24. Qb3 Rff8 25. Qxb6 Rxb6 26. cxd5 exd5 27. g5 Rfb8 28. b3 Ra6 29. Kb2 Rc8 30. Rc1 Rb6 31. Rc2 Kf7 32. Re1 c6 33. Re7+ Kf8 34. Rxh7 Rb4 35. Rxh8+ 1-0

[Event "NRW-ch U18 Girls"]
[Site "Kranenburg"]
[Date "2007.04.13"]
[Round "6"]
[White "Lerke, Stephanie"]
[Black "Tunc, Helin"]
[Result "1/2-1/2"]
[WhiteElo "1148"]
[BlackElo "1316"]
[PlyCount "45"]
[EventDate "2007.04.09"]
[EventType "swiss"]
[EventRounds "7"]
[EventCountry "GER"]
[SourceTitle "EXT 2008"]
[Source "ChessBase"]
[SourceDate "2007.11.25"]
[SourceVersion "1"]
[SourceVersionDate "2007.11.25"]
[SourceQuality "1"]

1. Nf3 Nf6 2. d4 c6 3. Bg5 e6 4. e3 d5 5. a3 Nbd7 6. c4 h6 7. Bxf6 Nxf6 8. Nc3 dxc4 9. Bxc4 Bd6 10. 0-0 0-0 11. Bd3 Qc7 12. g3 e5 13. dxe5 Bxe5 14. Nxe5 Qxe5 15. Qc2 Bh3 16. Rfd1 Rad8 17. Ne4 Rfe8 18. Nxf6+ Qxf6 19. Bf1 Be6 20. Be2 h5 21. h3 g5 22. b4 Kg7 23. Qc5 1/2-1/2

[Event "NRW-ch U18 Girls"]
[Site "Kranenburg"]
[Date "2007.04.12"]
[Round "5"]
[White "Schaefer, Emma"]
[Black "Tunc, Helin"]
[Result "1-0"]
[WhiteElo "1168"]
[BlackElo "1316"]
[PlyCount "93"]
[EventDate "2007.04.09"]
[EventType "swiss"]
[EventRounds "7"]
[EventCountry "GER"]
[SourceTitle "EXT 2008"]
[Source "ChessBase"]
[SourceDate "2007.11.25"]
[SourceVersion "1"]
[SourceVersionDate "2007.11.25"]
[SourceQuality "1"]

1. e4 e5 2. Nf3 Nc6 3. c3 Bc5 4. d4 exd4 5. cxd4 Bb4+ 6. Bd2 Bxd2+ 7. Nbxd2 d6 8. Bb5 Bd7 9. d5 Ne5 10. Bxd7+ Nxd7 11. Qa4 Ngf6 12. 0-0 0-0 13. Rfe1 Re8 14. Re2 Nxd5 15. Rae1 Nf4 16. Re3 Ng6 17. Qc2 Nde5 18. Nxe5 Nxe5 19. Nf3 Nxf3+ 20. Rxf3 d5 21. Rd3 c6 22. Re2 Qa5 23. Ra3 Qb4 24. Rb3 Qe7 25. f3 dxe4 26. Rxe4 Qc7 27. Rbe3 Qb6 28. Kf1 Rxe4 29. Rxe4 Qb5+ 30. Qe2 Qxe2+ 31. Kxe2 Kf8 32. Ke3 Re8 33. g4 Rxe4+ 34. Kxe4 Ke7 35. f4 Kd6 36. b4 b6 37. h4 c5 38. bxc5+ Kxc5 39. Kd3 Kb4 40. Kc2 Ka3 41. Kb1 b5 42. f5 a5 43. g5 b4 44. h5 b3 45. axb3 Kxb3 46. g6 hxg6 47. f6 1-0

[Event "GER-chT U20 Girls"]
[Site "Torgelow"]
[Date "2006.12.29"]
[Round "5.3"]
[White "Tunc, Helin"]
[Black "Nischik, Natascha"]
[Result "1/2-1/2"]
[WhiteElo "1286"]
[BlackElo "1486"]
[PlyCount "73"]
[EventDate "2006.12.27"]
[EventType "team-swiss"]
[EventRounds "7"]
[EventCountry "GER"]
[SourceTitle "EXT 2008"]
[Source "ChessBase"]
[SourceDate "2007.11.25"]
[SourceVersion "1"]
[SourceVersionDate "2007.11.25"]
[SourceQuality "1"]
[WhiteTeam "Porz SG U20 Girls"]
[BlackTeam "Wadgassen/Differten U20 Girls"]
[WhiteTeamCountry "GER"]
[BlackTeamCountry "GER"]

1. d4 d6 2. c4 g6 3. Nc3 Bg7 4. Nf3 Nf6 5. Bg5 Nbd7 6. Qd2 c6 7. e4 Qc7 8. Be2 Rb8 9. a4 e5 10. d5 cxd5 11. cxd5 a6 12. 0-0 0-0 13. Rfc1 Nc5 14. Qd1 Qb6 15. Be3 Nfd7 16. Rab1 Qb4 17. Nd2 Nf6 18. Qc2 a5 19. Bb5 Ng4 20. Na2 Nxe3 21. fxe3 Qxd2 22. Qxd2 Nb3 23. Qe1 Nxc1 24. Rxc1 b6 25. b4 Rd8 26. bxa5 bxa5 27. Qxa5 Bd7 28. Bxd7 Rxd7 29. Qd2 Rdb7 30. h3 Bh6 31. a5 Rb2 32. Rc2 Bxe3+ 33. Qxe3 Rxc2 34. a6 Rxa2 35. Qa7 Rb1+ 36. Kh2 Rba1 37. Qb8+ 1/2-1/2

[Event "GER-chT U20 Girls"]
[Site "Torgelow"]
[Date "2006.12.28"]
[Round "3.3"]
[White "Kinzel, Tiffany"]
[Black "Tunc, Helin"]
[Result "0-1"]
[WhiteElo "1516"]
[BlackElo "1286"]
[PlyCount "98"]
[EventDate "2006.12.27"]
[EventType "team-swiss"]
[EventRounds "7"]
[EventCountry "GER"]
[SourceTitle "EXT 2008"]
[Source "ChessBase"]
[SourceDate "2007.11.25"]
[SourceVersion "1"]
[SourceVersionDate "2007.11.25"]
[SourceQuality "1"]
[WhiteTeam "Stadtilm Blau Weiss U20 Girls"]
[BlackTeam "Porz SG U20 Girls"]
[WhiteTeamCountry "GER"]
[BlackTeamCountry "GER"]

1. e4 c5 2. c3 d5 3. exd5 Qxd5 4. d4 e6 5. Be3 cxd4 6. Qxd4 Nf6 7. Nd2 Be7 8. Ngf3 0-0 9. Bc4 Qf5 10. 0-0 Nc6 11. Qf4 Qxf4 12. Bxf4 Bd7 13. Rfe1 Rac8 14. b4 Rfd8 15. a4 Be8 16. a5 Nd5 17. Bxd5 Rxd5 18. Rad1 Bf6 19. Ne4 Rxd1 20. Rxd1 Be7 21. Ra1 f6 22. b5 Nd8 23. Bd6 Kf7 24. Nd4 g6 25. g4 e5 26. Nb3 Bxb5 27. Rc1 Bc6 28. Bxe7 Kxe7 29. Nec5 Ne6 30. Nxe6 Kxe6 31. Re1 Kf7 32. Re3 Rd8 33. f3 Re8 34. Nd2 Rd8 35. Re2 Rd3 36. Ne4 Bxe4 37. Rxe4 Rxc3 38. Kf2 Ra3 39. Rb4 Rxa5 40. Rxb7+ Kg8 41. Rb8+ Kg7 42. Kg3 Ra3 43. h4 e4 44. g5 Rxf3+ 45. Kg2 fxg5 46. hxg5 Rf8 47. Rb4 Rf5 48. Rxe4 Rxg5+ 49. Kh3 Rf5 0-1

[Event "NRW U18 op"]
[Site "Olpe"]
[Date "2005.10.03"]
[Round "5.28"]
[White "Tunc, Helin"]
[Black "Madalinski, Nikolaus"]
[Result "0-1"]
[WhiteElo "1210"]
[BlackElo "1731"]
[PlyCount "52"]
[EventDate "2005.10.01"]
[EventType "swiss"]
[EventRounds "7"]
[EventCountry "GER"]
[SourceTitle "CBM 108 Extra"]
[Source "ChessBase"]
[SourceDate "2005.11.04"]
[SourceVersion "1"]
[SourceVersionDate "2005.11.04"]
[SourceQuality "1"]

1. e4 e6 2. d4 d5 3. exd5 exd5 4. Nc3 c6 5. Bf4 Nf6 6. Nf3 Bb4 7. a3 Ba5 8. Be2 Ne4 9. Qd3 Bxc3+ 10. bxc3 Bf5 11. Qe3 0-0 12. 0-0 Re8 13. Qc1 Nxc3 14. Bd1 Nxd1 15. Qxd1 Nd7 16. Ne5 Nxe5 17. Bxe5 f6 18. Bf4 Re6 19. c3 Qe7 20. Re1 Rxe1+ 21. Qxe1 Re8 22. Qd2 Qe2 23. Qxe2 Rxe2 24. Bd6 Re6 25. Bb4 b6 26. Rd1 a5 0-1

[Event "NRW U18 op"]
[Site "Olpe"]
[Date "2005.10.02"]
[Round "3.31"]
[White "Van der Kolk, Janot"]
[Black "Tunc, Helin"]
[Result "0-1"]
[WhiteElo "1525"]
[BlackElo "1210"]
[PlyCount "48"]
[EventDate "2005.10.01"]
[EventType "swiss"]
[EventRounds "7"]
[EventCountry "GER"]
[SourceTitle "CBM 108 Extra"]
[Source "ChessBase"]
[SourceDate "2005.11.04"]
[SourceVersion "1"]
[SourceVersionDate "2005.11.04"]
[SourceQuality "1"]

1. d4 d5 2. c4 c6 3. Nc3 Nf6 4. Nf3 Bf5 5. e3 e6 6. Be2 Bb4 7. 0-0 Nbd7 8. a3 Bxc3 9. bxc3 Qc7 10. Rb1 Bxb1 11. a4 Be4 12. Nd2 Bf5 13. Ba3 c5 14. h3 0-0 15. g4 Bg6 16. Kg2 Rfe8 17. f4 Be4+ 18. Nxe4 Nxe4 19. Qe1 Qd8 20. Bd3 Qf6 21. Rh1 Qg6 22. cxd5 exd5 23. Bb5 Rad8 24. Kf3 Nxc3 0-1

[Event "NRW-ch U16/18 Girls"]
[Site "Kranenburg"]
[Date "2005.04.02"]
[Round "7"]
[White "Raus, Christina"]
[Black "Tunc, Helin"]
[Result "1/2-1/2"]
[WhiteElo "1205"]
[BlackElo "1182"]
[PlyCount "87"]
[EventDate "2005.03.28"]
[EventType "swiss"]
[EventRounds "7"]
[EventCountry "GER"]
[SourceTitle "CBM 105 Extra"]
[Source "ChessBase"]
[SourceDate "2005.05.01"]
[SourceVersion "1"]
[SourceVersionDate "2005.05.01"]
[SourceQuality "1"]

1. e4 e5 2. Nf3 Nc6 3. Bc4 Bc5 4. d3 d6 5. h3 Be6 6. Bb3 Nf6 7. Be3 Bb6 8. Nc3 Qd7 9. Bg5 h6 10. Bxf6 gxf6 11. Nd5 Bxd5 12. Bxd5 0-0-0 13. Qd2 Nd4 14. Nxd4 Bxd4 15. c3 Bb6 16. 0-0-0 c6 17. Bb3 Rde8 18. f3 Bd8 19. d4 Rh7 20. dxe5 fxe5 21. Qxd6 Bg5+ 22. Kb1 Qxd6 23. Rxd6 Kc7 24. Rhd1 Re7 25. a3 f6 26. R1d3 Rd7 27. Rxd7+ Rxd7 28. Rxd7+ Kxd7 29. Kc2 Kd6 30. Bc4 b6 31. b3 c5 32. a4 Bf4 33. Bd5 f5 34. c4 fxe4 35. Bxe4 Ke6 36. Kd3 Kf6 37. Ke2 h5 38. Kf2 h4 39. Bc6 Kg5 40. Ke2 Kf6 41. Kd3 Ke6 42. Ke4 Kd6 43. Bd5 Bg3 44. Kf5 1/2-1/2

[Event "NRW-ch U16/18 Girls"]
[Site "Kranenburg"]
[Date "2005.03.28"]
[Round "1"]
[White "Torkaman Abdari, Anousheh"]
[Black "Tunc, Helin"]
[Result "0-1"]
[WhiteElo "1522"]
[BlackElo "1182"]
[PlyCount "100"]
[EventDate "2005.03.28"]
[EventType "swiss"]
[EventRounds "7"]
[EventCountry "GER"]
[SourceTitle "CBM 105 Extra"]
[Source "ChessBase"]
[SourceDate "2005.05.01"]
[SourceVersion "1"]
[SourceVersionDate "2005.05.01"]
[SourceQuality "1"]

1. d4 d5 2. c4 e6 3. Nc3 Nf6 4. Bg5 Be7 5. e3 0-0 6. Nf3 b6 7. Rc1 Bb7 8. cxd5 Nxd5 9. Nxd5 Bxd5 10. Bxe7 Qxe7 11. Qc2 Nd7 12. Qxc7 Rfc8 13. Qxc8+ Rxc8 14. Rxc8+ Nf8 15. b3 Bxf3 16. gxf3 Qb7 17. Rc1 Qxf3 18. Rg1 Qd5 19. Rc2 Qa5+ 20. Kd1 Qh5+ 21. Ke1 Qxh2 22. Rg3 Qh5 23. b4 h6 24. Rc7 Qf5 25. Rxa7 Qb1+ 26. Ke2 Qxb4 27. Kf3 Qb1 28. Kg2 Qe4+ 29. Kg1 Ng6 30. Bg2 Qb1+ 31. Kh2 Qf5 32. Rf3 Qh5+ 33. Kg1 f6 34. a4 Nh4 35. Rh3 Qd1+ 36. Kh2 Nxg2 37. Kxg2 Qg4+ 38. Rg3 Qe4+ 39. f3 Qc2+ 40. Kh3 Qf5+ 41. Kh2 g5 42. Ra6 Qd3 43. Rxb6 Qxe3 44. a5 Qf2+ 45. Kh3 Qf1+ 46. Kg4 Kf7 47. Rb7+ Kg6 48. Rg1 h5+ 49. Kg3 Qxg1+ 50. Kh3 h4 0-1

[Event "GER-chT U14 Girls"]
[Site "Dittrichshuette"]
[Date "2004.12.30"]
[Round "6.3"]
[White "Langner, Gina"]
[Black "Tunc, Helin"]
[Result "1/2-1/2"]
[WhiteElo "1259"]
[BlackElo "1217"]
[PlyCount "50"]
[EventDate "2004.12.27"]
[EventType "team-tourn"]
[EventRounds "6"]
[EventCountry "GER"]
[SourceTitle "EXT 2006"]
[Source "ChessBase"]
[SourceDate "2005.11.24"]
[SourceVersion "1"]
[SourceVersionDate "2005.11.24"]
[SourceQuality "1"]

1. e4 e5 2. Nf3 Nc6 3. Bc4 Bc5 4. c3 Nf6 5. d3 d6 6. 0-0 Bg4 7. Nbd2 Qd7 8. Re1 0-0 9. Nf1 h6 10. Ng3 Rfe8 11. Be3 Bb6 12. h3 Be6 13. Bxe6 Qxe6 14. Nf5 Bxe3 15. Rxe3 Kh7 16. Nh2 g6 17. Nh4 Rg8 18. Qd2 Rad8 19. Rg3 Nh5 20. Rf3 Nf6 21. Ng4 Nxg4 22. hxg4 Qxg4 23. Rxf7+ Rg7 24. Rxg7+ Kxg7 25. Nf3 Rf8 1/2-1/2

[Event "GER-chT U14 Girls"]
[Site "Dittrichshuette"]
[Date "2004.12.29"]
[Round "5.3"]
[White "Nieberle, Julia"]
[Black "Tunc, Helin"]
[Result "1/2-1/2"]
[WhiteElo "1266"]
[BlackElo "1217"]
[PlyCount "48"]
[EventDate "2004.12.27"]
[EventType "team-tourn"]
[EventRounds "6"]
[EventCountry "GER"]
[SourceTitle "EXT 2006"]
[Source "ChessBase"]
[SourceDate "2005.11.24"]
[SourceVersion "1"]
[SourceVersionDate "2005.11.24"]
[SourceQuality "1"]

1. e4 e5 2. Nf3 Nc6 3. Bc4 Bc5 4. d3 d6 5. h3 Be6 6. Bb3 Qd7 7. Nc3 Nf6 8. Qe2 0-0-0 9. Be3 Bb6 10. Bxb6 axb6 11. Bxe6 Qxe6 12. Ng5 Qe7 13. Nf3 Rhe8 14. 0-0-0 d5 15. exd5 Nxd5 16. Nxd5 Rxd5 17. Qe4 Ra5 18. a3 h6 19. Qf5+ Kb8 20. Rhe1 f6 21. Re2 Qd6 22. Qe4 Rd8 23. Kb1 Rb5 24. Qc4 Rd5 1/2-1/2

[Event "NRW-ch U14 Girls"]
[Site "Wolfsburg"]
[Date "2004.04.12"]
[Round "1"]
[White "Tunc, Helin"]
[Black "Van Orsouw, Svenja"]
[Result "0-1"]
[WhiteElo "1128"]
[BlackElo "1370"]
[PlyCount "40"]
[EventDate "2004.04.??"]
[EventType "swiss"]
[EventRounds "7"]
[EventCountry "GER"]
[SourceTitle "EXT 2005"]
[Source "ChessBase"]
[SourceDate "2004.11.15"]
[SourceVersion "1"]
[SourceVersionDate "2004.11.15"]
[SourceQuality "1"]

1. e4 c5 2. Nf3 Nc6 3. Bc4 Nf6 4. d3 d6 5. Bg5 Ng4 6. Nc3 Qa5 7. h3 Nge5 8. Nxe5 Nxe5 9. Bb3 e6 10. Ba4+ Bd7 11. Bxd7+ Nxd7 12. d4 cxd4 13. Qxd4 Qxg5 14. 0-0 Qc5 15. Qd3 a6 16. Rad1 Be7 17. Rfe1 Ne5 18. Qd2 0-0 19. Kh1 Ng6 20. Re3 Nf4 0-1